00394nam a2200157Ia 4500003000400000005001700004008004000021040000700061041001200068082001700080100002100097245003900118260003800157300001300195650002800208OSt20230527103924.0210210b1944 xxu||||| |||| 00| 0 eng d cAL aEnglish a820.103 DUTM aDUTT (Ramesh C). aMaha-Bharata epic of the Bharatas. aN DbJaico Publishing Housec1944 aviii,188 aMahabharata Epic Poetry